000 00450nam a2200181Ia 4500
001 10840
005 20260306161902.0
008 260306t1960||||xx |||||||||||||| ||spa||
041 _aESP
082 _a974
_bV917
100 _aVasconcelos, José
_eAUT
245 0 _aBreve historia de México:
_bEdición contemporanea 1956
260 _c1960
300 _a565 páginas :
_c23 cm.
650 _aGEN
654 _aCHU
942 _cLIB
_dJUS
_fJUS
_2ddc
_n
999 _c10840
_d10840